期刊信息 |
| 索取号 |
P7/RDHY
|
| 题名 |
热带海洋学报(中国科学院)
|
| 作者 |
中国科学院南海海洋研究所
|
| 分册号 |
|
| 分册名 |
|
| 出版地 |
北京
|
| 出版者 |
科学出版社
|
| 标准刊号 |
1009-5470
|
| 出版频率 |
双月刊
|
| 中图法分类 |
P7
|
| 主题词 |
海洋学
|
| 电子资源 | |
| |
|
| 000 | 00712nas0 2200229 45 | |
| 001 | 0552754062 | |
| 005 | 20251112104219.09 | |
| 010 | @d15 | |
| 011 | @a1009-5470@dCNY 60.00 | |
| 091 | @aCN44-1218/P | |
| 092 | @b82-008 | |
| 100 | @a20051129d km y0chiy0120 ea | |
| 101 | 0 | @achi |
| 102 | @aCN@b110000 | |
| 200 | 1 | @a热带海洋学报(中国科学院)@ARe Dai Hai Yang Xue Bao(Zhong Guo Ke Xue Yuan)@f中国科学院南海海洋研究所@FZhong Guo Ke Xue Yuan Nan Hai Hai Yang Yan Jiu Suo |
| 210 | @a北京@c科学出版社 | |
| 326 | @a双月刊 | |
| 606 | 0 | @a海洋学 |
| 690 | @aP7@v4 | |
| 711 | 0 | @a中国科学院南海海洋研究所@AZhong Guo Ke Xue Yuan Nan Hai Hai Yang Yan Jiu Suo |
| 801 | 0 | @aCN@bPFT@c20051129 |
| 905 | @aTJWY@dP7@eRDHY | |
| 热带海洋学报(中国科学院)/中国科学院南海海洋研究所.-北京:科学出版社 |
| 15 ISSN 1009-5470:CNY 60.00 |
| ● |
| 相关链接: |
|
|
|
|